| 000 | 00348nam a2200097Ia 4500 | ||
|---|---|---|---|
| 005 | 20250424112908.0 | ||
| 008 | 250424s9999 xx 000 0 und d | ||
| 300 | _a88 p. ; 29 cm. | ||
| 650 | _aBioengineering--Periodicals Biotechnology--Periodicals. Biochemistry--Chemical Engineering--Periodicals. Biomedical Engineering. Technology. | ||
| 942 | _cSR | ||
| 999 |
_c37751 _d37751 |
||